[Event "EIBCC 2019"]
[Site "Tallinn"]
[Date "2019.12.07"]
[Round "10.27"]
[White "Lazavik, Denis"]
[Black "Shubin, Kirill"]
[Result "1-0"]
[WhiteElo "2222"]
[BlackElo "2401"]
[Annotator "NA"]
[PlyCount "102"]
[EventDate "2019.12.06"]
[EventType "swiss"]
[EventCountry "EST"]
[SourceTitle "playchess.com"]
[Source "ChessBase"]
[SourceQuality "1"]

1. d4 e6 2. c4 Nf6 3. Nf3 c5 4. d5 d6 5. Nc3 exd5 6. cxd5 g6 7. g3 Bg7 8. Bg2 O-O 9. O-O a6 10. a4 Re8 11. Nd2 Nbd7 12. h3 Rb8 13. Nc4 Ne5 14. Na3 Nh5 15. e4 Bd7 16. a5 Qxa5 17. g4 Nf6 18. f4 Nfxg4 19. hxg4 Nxg4 20. f5 h5 21. Bg5 Qb4 22. f6 Bf8 23. Qd2 c4 24. Nc2 Qb6+ 25. Kh1 Rbc8 26. Ne3 Ne5 27. Rab1 Qc5 28. Ne2 Nd3 29. b4 Qa7 30. Nd1 Bg4 31. Be3 Qb8 32. Ndc3 Qc7 33. Bh6 Kh7 34. Bxf8 Rxf8 35. Ng3 Rh8 36. Rf4 Qd7 37. Rbf1 Ne5 38. Nge2 Kg8 39. Nd4 h4 40. Kh2 h3 41. Bh1 Bh5 42. Nf3 Ng4+ 43. Kg3 Re8 44. Nh2 Ne5 45. Rh4 Nd3 46. Bf3 Re5 47. Ng4 Qe8 48. Ne2 b5 49. Nd4 g5 50. Rxh3 Nf4 51. Rhh1 Bxg4 1-0

[Event "EIBCC 2019"]
[Site "Tallinn"]
[Date "2019.12.07"]
[Round "10.28"]
[White "Golikov, Daniil"]
[Black "Studer, Noel"]
[Result "0-1"]
[WhiteElo "2220"]
[BlackElo "2394"]
[Annotator "NA"]
[PlyCount "74"]
[EventDate "2019.12.06"]
[EventType "swiss"]
[EventCountry "EST"]
[SourceTitle "playchess.com"]
[Source "ChessBase"]
[SourceQuality "1"]

1. c4 e5 2. Nc3 Nf6 3. g3 d5 4. cxd5 Nxd5 5. Bg2 Nb6 6. d3 Be7 7. a3 O-O 8. Nf3 Nc6 9. O-O Re8 10. Be3 Bf8 11. b4 Bg4 12. h3 Bf5 13. g4 Bc8 14. Qb3 a5 15. Bxb6 cxb6 16. b5 Be6 17. Qb2 Nd4 18. Nxe5 Qc7 19. Nf3 Qxc3 20. Qxc3 Nxe2+ 21. Kh1 Nxc3 22. Rfc1 Rac8 23. a4 Bd5 24. Rc2 Bb4 25. Nd4 Bxg2+ 26. Kxg2 Rcd8 27. Nf5 Rxd3 28. Ne3 Bc5 29. Nc4 Nd5 30. f3 g5 31. Rca2 Rc3 32. Nd2 Nf4+ 33. Kf1 Re2 34. Rb1 Rf2+ 35. Ke1 Rh2 36. Rba1 Rh1+ 37. Nf1 Rxf3 0-1

[Event "EIBCC 2019"]
[Site "Tallinn"]
[Date "2019.12.07"]
[Round "10.29"]
[White "Poznyak, Nazar"]
[Black "Lobanov, Sergei"]
[Result "0-1"]
[WhiteElo "2211"]
[BlackElo "2394"]
[Annotator "NA"]
[PlyCount "82"]
[EventDate "2019.12.06"]
[EventType "swiss"]
[EventCountry "EST"]
[SourceTitle "playchess.com"]
[Source "ChessBase"]
[SourceQuality "1"]

1. d4 Nf6 2. c4 e6 3. Nc3 Bb4 4. e3 O-O 5. Nge2 c6 6. a3 Ba5 7. b4 Bc7 8. c5 d5 9. cxd6 Bxd6 10. g3 e5 11. Bg2 Bg4 12. h3 Be6 13. O-O Nbd7 14. Qc2 Qe7 15. Bb2 Nb6 16. f4 exf4 17. Nxf4 Bc4 18. Rf3 Nbd5 19. e4 Bxf4 20. gxf4 Nxc3 21. Rxc3 b5 22. Rg3 Nh5 23. Rg4 f5 24. exf5 Rae8 25. d5 Bxd5 26. Bxd5+ cxd5 27. Rg5 Qe3+ 28. Qf2 Qxh3 29. Rd1 Re3 30. Qg2 Qxg2+ 31. Kxg2 Re2+ 32. Kf3 Rxb2 33. Rxh5 Rb3+ 34. Ke2 Rxa3 35. Rxd5 Rc8 36. f6 Rc2+ 37. Kd1 Rg2 38. Rd8+ Kf7 39. Rd7+ Kxf6 40. Rd6+ Ke7 41. Rc6 Ra1+ 0-1

[Event "EIBCC 2019"]
[Site "Tallinn"]
[Date "2019.12.07"]
[Round "10.30"]
[White "Dorokhin, Mykhailo"]
[Black "Belenkaya, Dina"]
[Result "1/2-1/2"]
[WhiteElo "2364"]
[BlackElo "2203"]
[Annotator "NA"]
[PlyCount "96"]
[EventDate "2019.12.06"]
[EventType "swiss"]
[EventCountry "EST"]
[SourceTitle "playchess.com"]
[Source "ChessBase"]
[SourceQuality "1"]

1. f4 d5 2. Nf3 g6 3. e3 c6 4. Be2 Bg7 5. O-O Nf6 6. d4 O-O 7. Bd2 Nbd7 8. Be1 Ne4 9. Nbd2 Ndf6 10. Nxe4 Nxe4 11. Nd2 Nxd2 12. Qxd2 Bf5 13. Bh4 Qd7 14. h3 h5 15. Bd3 Rfe8 16. Kf2 Rac8 17. Bxf5 Qxf5 18. Rac1 c5 19. c3 b5 20. Rg1 b4 21. Ke2 bxc3 22. bxc3 Rc6 23. g4 hxg4 24. hxg4 Qc8 25. Qd3 cxd4 26. exd4 Qe6+ 27. Kf3 Rec8 28. f5 Qd7 29. Rge1 Bf8 30. fxg6 Rxg6 31. Qf5 Qd6 32. Bg3 Qc6 33. Be5 Bg7 34. Bxg7 Kxg7 35. Qe5+ Rf6+ 36. Kg3 Qc7 37. g5 Qxe5+ 38. Rxe5 Rfc6 39. Rxe7 Rxc3+ 40. Rxc3 Rxc3+ 41. Kf4 Ra3 42. Ke5 Rxa2 43. Kxd5 Ra5+ 44. Ke4 Rxg5 45. Rxa7 Kf6 46. Ra6+ Ke7 47. d5 Rg1 48. Ra7+ Kd6 1/2-1/2

[Event "EIBCC 2019"]
[Site "Tallinn"]
[Date "2019.12.07"]
[Round "10.31"]
[White "Vorobjov, Pavel"]
[Black "Kononenko, Dmitry"]
[Result "0-1"]
[WhiteElo "2362"]
[BlackElo "2706"]
[Annotator "TA"]
[PlyCount "70"]
[EventDate "2019.12.06"]
[EventType "swiss"]
[EventCountry "EST"]
[SourceTitle "playchess.com"]
[Source "ChessBase"]
[SourceQuality "1"]

1. Nf3 c5 2. e4 Nc6 3. g3 d6 4. Bg2 Bd7 5. c3 Qc8 6. h3 Nf6 7. Qe2 g6 8. Na3 Bg7 9. d4 cxd4 10. cxd4 d5 11. exd5 Nxd5 12. Bg5 O-O 13. Rc1 Be6 14. Nc4 Qd7 15. Nce5 Nxe5 16. dxe5 Rac8 17. Rd1 Qa4 18. Nd4 Qxa2 19. Nxe6 fxe6 20. h4 Qa5+ 21. Bd2 Qb6 22. O-O Qxb2 23. Bh3 Rc6 24. Rfe1 Qb6 25. Bg5 Rf7 26. Bxe6 Rxe6 27. Rxd5 h6 28. Be3 Qc6 29. Rd8+ Kh7 30. f4 a5 31. Rc1 Qe4 32. Rcc8 Rxe5 33. fxe5 Rf3 34. Rd3 Rxg3+ 35. Kh2 Qxh4# 0-1

[Event "EIBCC 2019"]
[Site "Tallinn"]
[Date "2019.12.07"]
[Round "10.32"]
[White "Haitin, Ilja"]
[Black "D`Costa, Lorin"]
[Result "0-1"]
[WhiteElo "2146"]
[BlackElo "2361"]
[Annotator "NA"]
[PlyCount "96"]
[EventDate "2019.12.06"]
[EventType "swiss"]
[EventCountry "EST"]
[SourceTitle "playchess.com"]
[Source "ChessBase"]
[SourceQuality "1"]

1. d4 Nf6 2. Bg5 c5 3. d5 Ne4 4. Bf4 Qb6 5. Qc1 g6 6. f3 Nd6 7. e4 Bg7 8. c3 f5 9. Nd2 O-O 10. Be3 fxe4 11. fxe4 e6 12. dxe6 dxe6 13. Ngf3 Qc7 14. Be2 b6 15. O-O Bb7 16. Qc2 Nc6 17. Nc4 Rae8 18. Rad1 Nxc4 19. Bxc4 Ne5 20. Be2 Ng4 21. Rd3 Bxe4 22. Qd2 Bxd3 23. Bxd3 e5 24. Be4 Nf6 25. Qc2 Nxe4 26. Qxe4 Qd7 27. c4 Kh8 28. b3 Qf5 29. Qb7 Rf7 30. Qc6 Qd7 31. Qe4 Rf5 32. h3 Rd8 33. Re1 Qd3 34. Qh4 Re8 35. Ng5 h6 36. Nf3 Rh5 37. Qg4 Kh7 38. Rf1 Qf5 39. Qg3 Qe6 40. Re1 Rf5 41. Bc1 e4 42. Nh4 Bd4+ 43. Kh1 Bf2 44. Qg4 Bxe1 45. Nxf5 Qxf5 46. Qe2 Bc3 47. Be3 Bd4 48. Bc1 e3 0-1

[Event "EIBCC 2019"]
[Site "Tallinn"]
[Date "2019.12.07"]
[Round "10.33"]
[White "Stabulnieks, Klavs"]
[Black "Duzhakov, Ilya"]
[Result "1-0"]
[WhiteElo "2069"]
[BlackElo "2346"]
[Annotator "NA"]
[PlyCount "75"]
[EventDate "2019.12.06"]
[EventType "swiss"]
[EventCountry "EST"]
[SourceTitle "playchess.com"]
[Source "ChessBase"]
[SourceQuality "1"]

1. d4 Nf6 2. c4 g6 3. Nc3 d5 4. cxd5 Nxd5 5. Bd2 Nb6 6. e4 Bg7 7. Be3 O-O 8. h3 c6 9. Nf3 N8d7 10. Be2 e5 11. O-O exd4 12. Bxd4 Nf6 13. a4 Be6 14. Qc2 h6 15. Rfd1 Qe7 16. a5 Nbd7 17. Na4 Rfc8 18. Nc5 Nxc5 19. Bxc5 Qe8 20. Rac1 b6 21. Bd6 b5 22. Ne5 c5 23. Qd3 c4 24. Qe3 a6 25. Nf3 Qc6 26. e5 Nd5 27. Qd2 c3 28. bxc3 Nxc3 29. Bd3 Bb3 30. Re1 Bd5 31. Bb4 Bxf3 32. gxf3 Qxf3 33. Bxc3 Qxh3 34. Re3 Qg4+ 35. Rg3 Qa4 36. e6 Bxc3 37. Rxc3 Qa1+ 38. Kg2 1-0

[Event "EIBCC 2019"]
[Site "Tallinn"]
[Date "2019.12.07"]
[Round "10.34"]
[White "Ziska, Helgi Dam"]
[Black "Sakhvadze, Georgy"]
[Result "1-0"]
[WhiteElo "2614"]
[BlackElo "2035"]
[Annotator "ChessBase"]
[PlyCount "145"]
[EventDate "2019.12.06"]
[EventType "swiss"]
[EventCountry "EST"]
[SourceTitle "playchess.com"]
[Source "ChessBase"]
[SourceQuality "1"]

1. e4 e5 2. Nf3 Nc6 3. Bb5 a6 4. Ba4 Nf6 5. O-O b5 6. Bb3 Be7 7. d3 O-O 8. a4 b4 9. a5 d5 10. Ba4 Bb7 11. Bxc6 Bxc6 12. Nxe5 Bb7 13. exd5 Qxd5 14. Qf3 Qb5 15. c4 bxc3 16. Nxc3 Qb3 17. Qd1 Qb4 18. Re1 Bd6 19. Ra4 Qc5 20. d4 Qa7 21. Bg5 Nd5 22. Nc4 Rfe8 23. Rxe8+ Rxe8 24. Ra1 h6 25. Bh4 Nf4 26. Nxd6 cxd6 27. Bg3 Nxg2 28. Qd2 Bf3 29. Qd3 Ne1 30. Qd2 Ng2 31. Qd3 Ne1 32. Qd2 Ng2 33. h3 Qe7 34. Kh2 g5 35. Rg1 Qf6 36. Rxg2 Bxg2 37. Kxg2 Qf5 38. Bxd6 Qxa5 39. Bg3 f5 40. f3 f4 41. Bf2 h5 42. d5 g4 43. hxg4 hxg4 44. Qxf4 gxf3+ 45. Qxf3 Qb4 46. Qg3+ Kf7 47. Qc7+ Re7 48. Qg3 Kf8 49. d6 Rg7 50. Kf3 Rxg3+ 51. Bxg3 Qxb2 52. Ne4 Qa3+ 53. Kf4 Ke8 54. Ke5 Qa5+ 55. Ke6 Qa2+ 56. Ke5 Qb2+ 57. Ke6 Qb3+ 58. Ke5 Qb5+ 59. Ke6 Qd7+ 60. Ke5 Qg7+ 61. Nf6+ Kf7 62. Bh4 Qh6 63. d7 Qe3+ 64. Ne4 Qd3 65. Nd6+ Kg6 66. d8=Q Qe2+ 67. Ne4 Qb2+ 68. Kf4 Qa2 69. Qf6+ Kh7 70. Qe7+ Kg6 71. Qd6+ Kh7 72. Ng5+ Kg8 73. Qd8+ 1-0

[Event "EIBCC 2019"]
[Site "Tallinn"]
[Date "2019.12.07"]
[Round "10.35"]
[White "Hjartarson, Johann"]
[Black "Shvyrjov, Igor"]
[Result "0-1"]
[WhiteElo "2559"]
[BlackElo "2273"]
[Annotator "ChessBase"]
[PlyCount "65"]
[EventDate "2019.12.06"]
[EventType "swiss"]
[EventCountry "EST"]
[SourceTitle "playchess.com"]
[Source "ChessBase"]
[SourceQuality "1"]

1. c4 g6 2. Nc3 Bg7 3. d4 d6 4. e4 Nc6 5. Nge2 Nf6 6. f3 a6 7. Be3 O-O 8. Qd2 b5 9. cxb5 axb5 10. Nxb5 Na5 11. Nec3 Nb3 12. Qd1 Nxa1 13. Qxa1 Ba6 14. Be2 Nd7 15. O-O c6 16. Na3 Bxe2 17. Nxe2 Qa5 18. Qc1 c5 19. Rd1 cxd4 20. Nxd4 Rfc8 21. Nc6 Bxb2 22. Nxe7+ Kf8 23. Qxb2 Kxe7 24. Nb5 Rab8 25. Rb1 Ne5 26. h4 f6 27. Qb3 Nc4 28. Bf4 Rc6 29. a4 Ne5 30. Qa3 Ra8 31. Nxd6 Qc5+ 32. Qxc5 Rxc5 33. Nb5 0-1

[Event "EIBCC 2019"]
[Site "Tallinn"]
[Date "2019.12.07"]
[Round "10.36"]
[White "Vlassow, Valentin"]
[Black "Gretarsson, Helgi Ass"]
[Result "0-1"]
[WhiteElo "2265"]
[BlackElo "2523"]
[Annotator "ChessBase"]
[PlyCount "92"]
[EventDate "2019.12.06"]
[EventType "swiss"]
[EventCountry "EST"]
[SourceTitle "playchess.com"]
[Source "ChessBase"]
[SourceQuality "1"]

1. e4 g6 2. d4 Bg7 3. Nc3 d6 4. Bf4 a6 5. Qd2 Nd7 6. h4 e5 7. dxe5 dxe5 8. Be3 Ngf6 9. f3 Nf8 10. Qxd8+ Kxd8 11. O-O-O+ Bd7 12. Nh3 h6 13. Bc4 Ke8 14. g4 Ne6 15. Nf2 Ng8 16. h5 g5 17. Rd2 Nd4 18. Nd5 Rc8 19. Rh3 Ne7 20. c3 Nxd5 21. Bxd5 Nc6 22. Bxf7+ Kxf7 23. Rxd7+ Kf6 24. Rh1 Bf8 25. Rhd1 Bd6 26. R1xd6+ cxd6 27. Rxd6+ Ke7 28. Bc5 Ke8 29. Nd1 Rf8 30. Ne3 Rxf3 31. Nf5 Rc7 32. Rxh6 Rh3 33. Rh8+ Kd7 34. Bb6 Rc8 35. Rh7+ Ke6 36. Rxb7 Nb4 37. a3 Rh1+ 38. Kd2 Rh2+ 39. Kc1 Nd3+ 40. Kd1 Nxb2+ 41. Ke1 Rxc3 42. Be3 Rxa3 43. Rb6+ Kd7 44. Rd6+ Kc7 45. Bc1 Nd3+ 46. Kd1 Nxc1 0-1

[Event "EIBCC 2019"]
[Site "Tallinn"]
[Date "2019.12.07"]
[Round "11.1"]
[White "Morozevich, Alexander"]
[Black "Demidov, Mikhail"]
[Result "1-0"]
[WhiteElo "2712"]
[BlackElo "2631"]
[Annotator "TA"]
[PlyCount "73"]
[EventDate "2019.12.06"]
[EventType "swiss"]
[EventCountry "EST"]
[SourceTitle "playchess.com"]
[Source "ChessBase"]
[SourceQuality "1"]

1. e4 e6 2. d4 d5 3. Nc3 dxe4 4. Nxe4 Bd7 5. Nf3 Bc6 6. Neg5 Bd6 7. Bc4 Nf6 8. Nxf7 Kxf7 9. Ng5+ Ke8 10. Nxe6 Qd7 11. O-O Bb5 12. Qe2 Bxc4 13. Qxc4 Qc6 14. Nxg7+ Kf8 15. Ne6+ Ke7 16. Nc5 Bxc5 17. Re1+ Kd8 18. dxc5 Nbd7 19. Bg5 h6 20. Re6 hxg5 21. Rxc6 bxc6 22. Qe6 Rb8 23. Rd1 Kc8 24. Qxc6 Rxb2 25. h3 Re8 26. Rd3 g4 27. Qa6+ Kb8 28. Rb3+ Rxb3 29. axb3 Nxc5 30. Qxf6 gxh3 31. gxh3 Ne4 32. Qg6 Nd6 33. h4 Kc8 34. h5 Kd7 35. h6 Ke7 36. h7 Nf7 37. Kg2 1-0

[Event "EIBCC 2019"]
[Site "Tallinn"]
[Date "2019.12.07"]
[Round "11.2"]
[White "Esipenko, Andrey"]
[Black "Lysyj, Igor"]
[Result "1/2-1/2"]
[WhiteElo "2582"]
[BlackElo "2600"]
[Annotator "ChessBase"]
[PlyCount "66"]
[EventDate "2019.12.06"]
[EventType "swiss"]
[EventCountry "EST"]
[SourceTitle "playchess.com"]
[Source "ChessBase"]
[SourceQuality "1"]

1. c4 e6 2. Nc3 c5 3. Nf3 Nf6 4. g3 b6 5. Bg2 Bb7 6. O-O Be7 7. d4 cxd4 8. Qxd4 O-O 9. Rd1 d6 10. Bg5 Nbd7 11. Nb5 d5 12. cxd5 Bxd5 13. Nc3 Bc6 14. Rac1 Rc8 15. Qd3 Qc7 16. Nb5 Qb8 17. Nd6 Bxd6 18. Qxd6 Qxd6 19. Rxd6 Bd5 20. b3 Rxc1+ 21. Bxc1 Nc5 22. Ba3 Nb7 23. Rxd5 Nxd5 24. Bxf8 Kxf8 25. Nd4 Nd8 26. Bxd5 exd5 27. Kg2 Ke7 28. Kf3 g6 29. Kf4 f6 30. Ke3 a6 31. Kd3 Kd6 32. h4 Nf7 33. Ke3 Ne5 1/2-1/2

[Event "EIBCC 2019"]
[Site "Tallinn"]
[Date "2019.12.07"]
[Round "11.3"]
[White "Guseinov, Gadir"]
[Black "Ladva, Ottomar"]
[Result "1-0"]
[WhiteElo "2593"]
[BlackElo "2457"]
[Annotator "ChessBase"]
[PlyCount "156"]
[EventDate "2019.12.06"]
[EventType "swiss"]
[EventCountry "EST"]
[SourceTitle "playchess.com"]
[Source "ChessBase"]
[SourceQuality "1"]

1. e4 e5 2. Nf3 Nf6 3. d4 Nxe4 4. Bd3 d5 5. Nxe5 Bd6 6. O-O O-O 7. c4 c6 8. Nc3 Nxc3 9. bxc3 Bxe5 10. dxe5 dxc4 11. Bxc4 Qxd1 12. Rxd1 Be6 13. Bxe6 fxe6 14. Rb1 b6 15. Rd6 Kf7 16. a4 Na6 17. a5 Rfd8 18. axb6 axb6 19. Rxb6 Rxd6 20. exd6 Nc5 21. Rb1 e5 22. Be3 Ne4 23. Rb7+ Kf6 24. g4 Nxd6 25. Rc7 Rc8 26. Rd7 Nb5 27. c4 Na3 28. c5 Nc4 29. Kg2 Nxe3+ 30. fxe3 Ra8 31. h4 Ra4 32. Kf3 h5 33. Rd6+ Ke7 34. gxh5 Rxh4 35. Rxc6 e4+ 36. Kg3 Rxh5 37. Kf4 Kd7 38. Rd6+ Kc7 39. Rd2 Rxc5 40. Kxe4 Rc6 41. Kf5 Rd6 42. Rg2 Kd7 43. e4 Ke8 44. Rxg7 Ra6 45. Rb7 Kf8 46. e5 Ke8 47. Rg7 Kf8 48. Rd7 Ke8 49. Rd5 Ke7 50. Rb5 Kf7 51. Rb7+ Ke8 52. Ke4 Ra4+ 53. Kd5 Ra6 54. Rc7 Kd8 55. Rc4 Kd7 56. Rb4 Ra5+ 57. Ke4 Ke6 58. Rb6+ Ke7 59. Kf5 Ra7 60. Rb8 Kf7 61. Rh8 Kg7 62. Rh4 Ra6 63. Rd4 Kf7 64. Rd6 Ra1 65. Rd7+ Ke8 66. Ke6 Ra6+ 67. Rd6 Ra1 68. Rb6 Ra8 69. Kf6 Ra1 70. Rb8+ Kd7 71. e6+ Kc7 72. Rb2 Re1 73. Ke7 Rc1 74. Rf2 Rh1 75. Rc2+ Kb7 76. Kd7 Rd1+ 77. Ke8 Rh1 78. e7 Kb6 1-0

[Event "EIBCC 2019"]
[Site "Tallinn"]
[Date "2019.12.07"]
[Round "11.4"]
[White "Sargissian, Gabriel"]
[Black "Galopoulos, Nikolaos"]
[Result "1-0"]
[WhiteElo "2676"]
[BlackElo "2429"]
[Annotator "ChessBase"]
[PlyCount "61"]
[EventDate "2019.12.06"]
[EventType "swiss"]
[EventCountry "EST"]
[SourceTitle "playchess.com"]
[Source "ChessBase"]
[SourceQuality "1"]

1. d4 Nf6 2. c4 e6 3. Nf3 d5 4. g3 dxc4 5. Bg2 Bd7 6. O-O Bc6 7. Qc2 b5 8. Nbd2 Be7 9. b3 cxb3 10. axb3 O-O 11. Bb2 Bb7 12. Rfc1 Nc6 13. Ng5 Nb4 14. Qxc7 Bxg2 15. Qxd8 Rfxd8 16. Kxg2 e5 17. Ngf3 exd4 18. Nxd4 a6 19. N2f3 Ne4 20. Ba3 Re8 21. Ne5 Bf6 22. Bxb4 Bxe5 23. e3 g6 24. Rc6 Bxd4 25. exd4 Rad8 26. Rd1 Re6 27. Rxe6 fxe6 28. Kf3 Nf6 29. Be7 Rf8 30. Bxf8 Kxf8 31. Ra1 1-0

[Event "EIBCC 2019"]
[Site "Tallinn"]
[Date "2019.12.07"]
[Round "11.5"]
[White "Andriasian, Zaven"]
[Black "Saric, Ante"]
[Result "1-0"]
[WhiteElo "2766"]
[BlackElo "2577"]
[Annotator "TA"]
[PlyCount "77"]
[EventDate "2019.12.06"]
[EventType "swiss"]
[EventCountry "EST"]
[SourceTitle "playchess.com"]
[Source "ChessBase"]
[SourceQuality "1"]

1. e4 c5 2. Nc3 Nc6 3. Bb5 Nd4 4. Nf3 g6 5. Nxd4 cxd4 6. Ne2 Bg7 7. c3 dxc3 8. bxc3 Nf6 9. e5 Nd5 10. d4 O-O 11. O-O d6 12. exd6 Qxd6 13. c4 Nc7 14. Bf4 Qd8 15. Ba4 Bg4 16. f3 Bd7 17. Bb3 e6 18. a4 Re8 19. Bg3 e5 20. d5 Na6 21. Rb1 Nc5 22. Bc2 b6 23. Kh1 Rc8 24. Nc3 f5 25. Qd2 Qf6 26. Nb5 a6 27. Na7 Ra8 28. Nc6 Bxc6 29. Rxb6 Rad8 30. Qf2 f4 31. Bh4 g5 32. Rxc6 Rd6 33. Bxg5 Qxg5 34. Rxd6 Nb7 35. Rd7 Na5 36. c5 Nc4 37. c6 e4 38. Bxe4 Ne3 39. Rc1 1-0

[Event "EIBCC 2019"]
[Site "Tallinn"]
[Date "2019.12.07"]
[Round "11.6"]
[White "Mamedov, Rauf"]
[Black "Kulaots, Kaido"]
[Result "0-1"]
[WhiteElo "2670"]
[BlackElo "2562"]
[Annotator "ChessBase"]
[PlyCount "82"]
[EventDate "2019.12.06"]
[EventType "swiss"]
[EventCountry "EST"]
[SourceTitle "playchess.com"]
[Source "ChessBase"]
[SourceQuality "1"]

1. e4 c5 2. Nf3 Nc6 3. Nc3 g6 4. d4 cxd4 5. Nxd4 Bg7 6. Be3 Nf6 7. Bc4 d6 8. f3 O-O 9. Bb3 Bd7 10. h4 h5 11. Qd2 Nxd4 12. Bxd4 b5 13. Nd5 Nxd5 14. Bxg7 Kxg7 15. exd5 a5 16. a3 b4 17. a4 Rc8 18. Qd4+ Kg8 19. g4 e5 20. dxe6 Bxe6 21. gxh5 Bxb3 22. cxb3 Rc2 23. Kd1 Rg2 24. Rc1 gxh5 25. Rc2 Rg6 26. Kc1 Qf6 27. Qd5 Re8 28. Rd1 Re5 29. Qa8+ Kh7 30. Kb1 Qf5 31. Qc6 Rg2 32. Rdc1 Rc5 33. Qe4 Qxe4 34. fxe4 Rcxc2 35. Rxc2 Rxc2 36. Kxc2 Kg6 37. Kd3 f5 38. Ke3 Kf6 39. Kf4 fxe4 40. Kxe4 Ke6 41. Kd4 d5 0-1

[Event "EIBCC 2019"]
[Site "Tallinn"]
[Date "2019.12.07"]
[Round "11.7"]
[White "Sebenik, Matej"]
[Black "Postny, Evgeny"]
[Result "1-0"]
[WhiteElo "2457"]
[BlackElo "2661"]
[Annotator "ChessBase"]
[PlyCount "111"]
[EventDate "2019.12.06"]
[EventType "swiss"]
[EventCountry "EST"]
[SourceTitle "playchess.com"]
[Source "ChessBase"]
[SourceQuality "1"]

1. Nf3 d5 2. d4 Nf6 3. c4 c6 4. Nc3 a6 5. e3 b5 6. b3 Bg4 7. Be2 e6 8. h3 Bf5 9. Ne5 Nfd7 10. g4 Bg6 11. Nxg6 hxg6 12. Bb2 g5 13. a4 b4 14. Nb1 Nf6 15. Nd2 Nbd7 16. Rc1 a5 17. Kf1 Bd6 18. Kg2 Qe7 19. Bd3 Rd8 20. Qc2 Kf8 21. Nf3 Ne8 22. e4 dxe4 23. Bxe4 c5 24. d5 Bf4 25. dxe6 fxe6 26. Rcd1 Nef6 27. Bc6 Kf7 28. Rhe1 Rhe8 29. Be4 Kg8 30. Bg6 Rf8 31. Re2 e5 32. Bf5 Rde8 33. Rde1 Qd6 34. Bc1 Qc6 35. Bxf4 gxf4 36. g5 e4 37. Bxe4 Nxe4 38. Rxe4 Qg6 39. Qd3 Nf6 40. R4e3 Qxd3 41. Rxd3 Rxe1 42. Nxe1 Ne4 43. Nf3 Rf5 44. h4 Kf7 45. Rd7+ Kf8 46. Ra7 Nc3 47. Rxa5 Ne2 48. Ra8+ Kf7 49. Ra7+ Kg6 50. a5 Nc1 51. Kh3 Nxb3 52. Kg4 Rf8 53. h5+ Kh7 54. h6 Nd4 55. Rxg7+ Kh8 56. Ne5 1-0

[Event "EIBCC 2019"]
[Site "Tallinn"]
[Date "2019.12.07"]
[Round "11.8"]
[White "Babula, Vlastimil"]
[Black "Aleksandrov, Aleksej"]
[Result "1/2-1/2"]
[WhiteElo "2605"]
[BlackElo "2416"]
[Annotator "ChessBase"]
[PlyCount "69"]
[EventDate "2019.12.06"]
[EventType "swiss"]
[EventCountry "EST"]
[SourceTitle "playchess.com"]
[Source "ChessBase"]
[SourceQuality "1"]

1. d4 Nf6 2. c4 e6 3. Nf3 d5 4. Nc3 Bb4 5. e3 O-O 6. Bd2 b6 7. Rc1 a6 8. cxd5 exd5 9. Bd3 Bg4 10. h3 Bh5 11. Qb3 c5 12. Ne5 a5 13. Qc2 Nbd7 14. O-O Bg6 15. Nxg6 hxg6 16. dxc5 Nxc5 17. a3 Bxc3 18. Bxc3 Nfe4 19. Rfd1 Rc8 20. Bf1 Qd7 21. Bd4 a4 22. Qe2 Qf5 23. f3 Ng3 24. Qc2 Qe6 25. Qf2 Nxf1 26. Kxf1 Nb3 27. Rxc8 Rxc8 28. Bc3 Re8 29. Re1 Qc6 30. Kg1 Qc4 31. Rd1 Qc5 32. Rd3 Nc1 33. Rd1 Nb3 34. Rd3 Nc1 35. Rd1 1/2-1/2

[Event "EIBCC 2019"]
[Site "Tallinn"]
[Date "2019.12.07"]
[Round "11.9"]
[White "Yuffa, Daniil"]
[Black "Studer, Noel"]
[Result "1-0"]
[WhiteElo "2582"]
[BlackElo "2394"]
[Annotator "ChessBase"]
[PlyCount "90"]
[EventDate "2019.12.06"]
[EventType "swiss"]
[EventCountry "EST"]
[SourceTitle "playchess.com"]
[Source "ChessBase"]
[SourceQuality "1"]

1. d4 d5 2. c4 dxc4 3. e3 Nf6 4. Bxc4 e6 5. Nf3 a6 6. O-O c5 7. Nc3 b5 8. Be2 Bb7 9. dxc5 Bxc5 10. Qxd8+ Kxd8 11. Nd2 Ke7 12. Nb3 Bd6 13. Na5 Ra7 14. Nxb7 Rxb7 15. e4 Nbd7 16. f3 Be5 17. Be3 Rc8 18. Rfc1 Rbc7 19. Nd1 h6 20. Rxc7 Rxc7 21. Rc1 Rxc1 22. Bxc1 Bd4+ 23. Kf1 Nc5 24. b3 Nfd7 25. Ne3 Ne5 26. Nc2 Bc3 27. Ba3 Kd6 28. f4 Ned7 29. e5+ Kc6 30. Bf3+ Kb6 31. Ke2 a5 32. Bc1 Nb8 33. Be3 Nc6 34. a3 b4 35. a4 Ne7 36. g4 Nd5 37. Bxd5 exd5 38. Bxc5+ Kxc5 39. h4 g5 40. fxg5 hxg5 41. h5 Bxe5 42. Kd3 Bh8 43. Ne3 Kd6 44. Nf5+ Ke5 45. Ke3 Ke6 1-0

[Event "EIBCC 2019"]
[Site "Tallinn"]
[Date "2019.12.07"]
[Round "11.10"]
[White "Lobanov, Sergei"]
[Black "Sanal, Vahap"]
[Result "1-0"]
[WhiteElo "2394"]
[BlackElo "2563"]
[Annotator "ChessBase"]
[PlyCount "53"]
[EventDate "2019.12.06"]
[EventType "swiss"]
[EventCountry "EST"]
[SourceTitle "playchess.com"]
[Source "ChessBase"]
[SourceQuality "1"]

1. e4 e5 2. Nf3 Nc6 3. Bb5 a6 4. Ba4 Nf6 5. O-O Nxe4 6. d4 b5 7. Bb3 d5 8. dxe5 Be6 9. Nbd2 Be7 10. c3 O-O 11. Bc2 f5 12. Nb3 Qd7 13. Nbd4 Nd8 14. Nxe6 Nxe6 15. a4 b4 16. Bb3 c6 17. c4 Rad8 18. cxd5 cxd5 19. Be3 f4 20. Bb6 Rb8 21. a5 Kh8 22. Qxd5 Qxd5 23. Bxd5 N4c5 24. Rfc1 Rfc8 25. Rc4 Re8 26. Rac1 Rbd8 27. Bxd8 1-0

[Event "EIBCC 2019"]
[Site "Tallinn"]
[Date "2019.12.07"]
[Round "11.11"]
[White "Lintchevski, Daniil"]
[Black "Pershin, Denis"]
[Result "1-0"]
[WhiteElo "2553"]
[BlackElo "2359"]
[Annotator "ChessBase"]
[PlyCount "81"]
[EventDate "2019.12.06"]
[EventType "swiss"]
[EventCountry "EST"]
[SourceTitle "playchess.com"]
[Source "ChessBase"]
[SourceQuality "1"]

1. Nf3 d5 2. d4 Nf6 3. c4 e6 4. Nc3 dxc4 5. e3 a6 6. a4 c5 7. Bxc4 cxd4 8. exd4 Nc6 9. O-O Bd6 10. Bg5 h6 11. Bh4 O-O 12. Re1 Be7 13. Rc1 b6 14. d5 Nxd5 15. Bxd5 exd5 16. Qxd5 Bxh4 17. Qxc6 Bd7 18. Qb7 Be6 19. Rcd1 Qe7 20. Qxb6 Rfb8 21. Qc6 Rc8 22. Qe4 Bf6 23. Nd5 Bxd5 24. Qxe7 Bxe7 25. Rxd5 Bf6 26. b3 Rab8 27. Rd3 Rc2 28. g3 Rb2 29. Nd2 Rc8 30. Nc4 Ra2 31. Re4 Rc5 32. Rf4 Rc6 33. Kg2 Re6 34. Ne3 Bg5 35. Rf3 Rb2 36. Nc4 Rb1 37. h4 Bf6 38. Ne3 Rc6 39. Nd5 Bd8 40. Rfe3 Ba5 41. Ne7+ 1-0

[Event "EIBCC 2019"]
[Site "Tallinn"]
[Date "2019.12.07"]
[Round "11.12"]
[White "Schneider, Ilja"]
[Black "Shapiro, Viktor"]
[Result "1/2-1/2"]
[WhiteElo "2483"]
[BlackElo "2267"]
[Annotator "ChessBase"]
[PlyCount "42"]
[EventDate "2019.12.06"]
[EventType "swiss"]
[EventCountry "EST"]
[SourceTitle "playchess.com"]
[Source "ChessBase"]
[SourceQuality "1"]

1. d4 Nf6 2. Bg5 c5 3. Bxf6 gxf6 4. d5 Qb6 5. Qc1 Bh6 6. e3 f5 7. g3 d6 8. c3 Nd7 9. Qc2 Nf6 10. Bg2 e6 11. dxe6 fxe6 12. Nd2 O-O 13. Ngf3 Qc7 14. O-O Bd7 15. e4 fxe4 16. Nxe4 d5 17. Nxf6+ Rxf6 18. Nh4 Bg5 19. Nf3 Bh6 20. Nh4 Bg5 21. Nf3 Bh6 1/2-1/2

[Event "EIBCC 2019"]
[Site "Tallinn"]
[Date "2019.12.07"]
[Round "11.13"]
[White "Stupak, Kirill"]
[Black "Rocha, Sergio"]
[Result "0-1"]
[WhiteElo "2459"]
[BlackElo "2249"]
[Annotator "ChessBase"]
[PlyCount "50"]
[EventDate "2019.12.06"]
[EventType "swiss"]
[EventCountry "EST"]
[SourceTitle "playchess.com"]
[Source "ChessBase"]
[SourceQuality "1"]

1. e4 e6 2. d3 c5 3. g3 Nc6 4. Bg2 g6 5. h4 h6 6. c3 Bg7 7. Nh3 Nf6 8. Be3 b6 9. O-O d5 10. Na3 O-O 11. Qe2 Ba6 12. c4 dxe4 13. dxe4 e5 14. Nb5 Nd4 15. Bxd4 cxd4 16. a4 Bb7 17. f4 a6 18. Na3 d3 19. Qe3 Ng4 20. Qd2 Qd4+ 21. Kh1 Ne3 22. f5 gxf5 23. Nf2 Nxg2 24. Kxg2 fxe4 25. Kh2 e3 0-1